| 000 | 00537nam a2200169 i 4500 | ||
|---|---|---|---|
| 001 | 48415 | ||
| 003 | ES-MaACL | ||
| 005 | 20230906161740.0 | ||
| 007 | t| | ||
| 008 | 950714s1847 be |||| | fre d | ||
| 111 | 2 |
_aCongreso Penitenciario ( _d1847. _cBruselas) _9274 |
|
| 245 | 1 | 0 |
_aDébats du Congrés Penitentiaire de Bruxelles _b: sessions de 1847. |
| 260 |
_aBruxelles : _bBeltombe, _c1847. |
||
| 300 |
_a243 p. ; _c25 cm. |
||
| 650 | 4 |
_aEstablecimientos penitenciarios- _vCongresos y asambleas. _9163123 |
|
| 852 |
_aES-MaACL _jG-1520 |
||
| 999 |
_c48415 _d48415 |
||